Péče o zoogenofond v ČSR

Bibliographic Details
Main Author: Trpák, Pavel, 1942- (Author)
Format: Article
Language:Czech
Slovak
Subjects:

MARC

LEADER 00000nab a2200000 a 4500
001 vtls000406566
003 SK-MaSNL
005 20260303221704.0
008 120924c1989 xo 0 cze
015 |a SNBRA19rr/mm-uuuuu 
035 |a CL0406690 
040 |a SNKBUCL  |b slo  |c SNKBUCL  |e AACR2 
041 0 |a slo 
044 |a xo  |c SK 
080 |a 502.742  |2 1981 
080 |a 502.4  |2 1981 
080 |a 59  |2 1981 
100 1 |a Trpák, Pavel,  |d 1942-  |4 aut  |9 224377 
245 1 0 |a Péče o zoogenofond v ČSR  |c Pavel Trpák 
650 0 7 |a zoogenofond  |2 snkbucl  |9 963294 
655 7 |a články zo zborníkov  |2 snkbucl  |9 166140 
773 0 |t Management chránených území a genofondu  |d Žilina : Dom techniky ČSVTS, 1989 
850 |a Slovenská národná knižnica v Martine  |a MTA001 
852 |a SNK  |b KIS3GCP 
958 |a RK 
992 |a RZB 
999 |c 2235501  |d 2237431